000
00289nam a2200121 a 4500
008
110426s1983|||| d
245
1
0
_a
Co je co?(2) Príručka pro každý den
100
1
_a
Reisenauer,Roman
260
_c
1983
_a
Praha
_b
ČTK
044
_a
CZ
041
_a
cze
020
_c
85
999
_c
19172
_d
19172